| 000 | 00586nam a2200169 a 4500 | ||
|---|---|---|---|
| 005 | 20240618063655.0 | ||
| 008 | 991125s1950 mx 000 0 spa u | ||
| 035 | _aUPN01000005554 | ||
| 049 | _aCG | ||
| 050 | 4 |
_aLB775.6 M32 _bO7.2 |
|
| 100 | 1 |
_aOrdóñez, Plinio Daniel, _d1882-1970 _928573 |
|
| 245 | 1 | 3 |
_aEl benemérito educador Ing. D. Miguel F. Martínez : _bnotas biográficas / _cescritas y ordenadas por Pliano D. Ordóñez. |
| 260 |
_aNuevo León : _b[s.n.], _c1950. |
||
| 300 | _axi, 242 p., [1] h. de láms. | ||
| 600 | 1 | 4 |
_aMARTINEZ, MIGUEL F., _d1850-1919 _926387 |
| 905 | _aLibro | ||
| 999 |
_c5554 _d5554 |
||